00351nam a2200097Ia 4500008004100000245006700041245004700108260000900155650002900164856006000193171204s9999 xx 000 0 und d aPsychopathology: History, Diagnosis, And Empirical Foundations cDavid J. Miklowitz and W. Edward Craighead c2013 xADVANCED PSYCHOPATHOLOGY uhttp://down.ebook777.com/005/PsyHisDiaAndEmpFou2Edi.pdf